| 000 | 01124nam a2200325 i 4500 | ||
|---|---|---|---|
| 001 | bgj | ||
| 003 | BPK | ||
| 005 | 20220607120605.0 | ||
| 008 | 940409s1991 uk a f |001 0 eng d | ||
| 020 | _a312533982 (pbk) | ||
| 040 | _cBPK | ||
| 080 | _a811.111 | ||
| 080 | _a801.6 | ||
| 100 | 1 |
_aCollie, Joanne _eAutor |
|
| 245 | 1 | 0 |
_aLiterature in the language classroom : _ba resource book of ideas and activities / _cJoanne Collie and Stephen Slater. |
| 250 | _a5th print.. | ||
| 260 |
_aCambridge [etc.] : _bCambridge University Press, _c1991. |
||
| 300 |
_aVI, 266 s : _bil. ; _c23 cm. |
||
| 490 | 1 | _aCambridge Handbooks for Language Teachers | |
| 500 | _a1wyd. : 1987. | ||
| 504 | _aBibliogr. s. 263. Indeks. | ||
| 650 | 4 | _aJęzyk angielski | |
| 650 | 4 | _aNauczanie języków obcych | |
| 658 | _aJęzykoznawstwo | ||
| 700 | 1 | _aSlater, Stephen. | |
| 700 | 1 |
_aSwan, Michael. _eAutor |
|
| 830 | 0 | _aCambridge Handbooks for Language Teachers | |
| 856 |
_uhttp://koha.tu.koszalin.pl/cgi-bin/koha/opac-detail.pl?biblionumber=48238 _yKatalog online BPK |
||
| 942 |
_cKS _2UKD |
||
| 999 |
_c48238 _d48238 |
||